| 000 | 01644cam a22004334i 4500 | ||
|---|---|---|---|
| 003 | PE-LiUPU | ||
| 005 | 20250731173203.0 | ||
| 008 | 150625s1961 miu r 000 0 eng d | ||
| 035 | _a(Sirsi) a30343 | ||
| 040 |
_aPE-LiUPU _bspa _cPE-LiUPU _dPE-LiUPU _erda |
||
| 049 | _aPRUA | ||
| 082 | 0 | 4 |
_a211.56 _bU.M.I. / P65 _221 |
| 100 | 1 |
_aPlyler, Lorenzo Pierce, _eautor. |
|
| 245 | 1 | 4 |
_aThe Concept Of God In Heaven In Israel / _cPierce Plyler. |
| 264 | 1 |
_aMichigan : _bDisertation Information Service, _c1961. |
|
| 300 |
_a286 páginas ; _c20 centímetros |
||
| 336 |
_atext _2rdacontent |
||
| 337 |
_aunmediated _2rdamedia |
||
| 338 |
_avolume _2rdacarrier |
||
| 505 | 0 | _aThe idea of God in heaven among israel's neighbors -- The localization of Yaweh in Israel -- Israel's religious thought and her expanding world-view -- The meaning of God in heaven in israel's religion -- Conclusions -- Bibliography -- Abstract. | |
| 526 | _aSEG42 | ||
| 526 | _aSEG41 | ||
| 526 | _aSEG40 | ||
| 526 | _aSEG39 | ||
| 526 | _aP94 | ||
| 526 | _aP87 | ||
| 526 | _aP86 | ||
| 526 | _aP85 | ||
| 526 | _aP77 | ||
| 526 | _aP76 | ||
| 526 | _aP35 | ||
| 650 | 0 | 4 |
_aDios. _93786 |
| 942 |
_2ddc _cBOOK |
||
| 949 |
_a211.56 U.M.I. / P65 _wDEWEY _c1 _i37266 _lCCODEBUL1 _mBUL _p00.00 _r0 _sY _tBOOK _u2015-06-25 _xBIBLIOTECA _zUNKNOWN _0COMPRA _o.STAFF. Colección General |
||
| 994 |
_aC0 _bPEPRU |
||
| 596 | _a1 | ||
| 999 |
_a211.56 U.M.I. / P65 _wDEWEY _c37788 _i37266 _f2021-11-9 _g5 _lCCODEBUL1 _mBUL _p28.00 _r0 _sY _tBOOK _u2015-6-25 _xTEOLOGIA _PP35 _0COMPRA _o.STAFF. Colección Teología _d37788 |
||
| 980 |
_81 _gALBERTO SANCHEZ Responsable de Automatización |
||